000 00297nam a22001337a 4500
008 170316b xxu||||| |||| 00| 0 eng d
020 _a0444015620
041 _aeng
080 _23 ED
_a616.8
100 _a7
101 _aSHM
245 _aPRINCIPLES NEURAL SCIENCE
_cKANDEL.E.R
942 _2udc
_cBK
999 _c7978
_d7978